000 02652nam0a2200469 4500
001 RU\NLR\bibl\812040
005 20250614133210.0
010 _a5-02-032445-0
_9700
021 _aRU
_b2005-7951
_9412
035 _aRSL-KNO-002572365
035 _a(NLR Aleph) 000801097
090 _a1181739
_c1181739
100 _a20050221d2004 |||y0rusy50 ca
101 0 _arus
102 _aRU
105 _aa |||||||||
106 _ar
135 _acrmn mmmanaba
200 1 _aПроблемы повышения скоростей, массы и безопасности движения поездов на подходах к портам Дальнего Востока
_fВ.А. Попов, Н.И. Карпущенко, И.А. Котова
210 _aНовосибирск
_cНаука
_d2004
_gСП Наука РАН
215 _a206, [4] с., [6] л. цв. ил., карт.
_cил.
_d23
300 _aНа 4-й с. обл. авт.: Попов В.А., Карпущенко Н.И. - д.т.н., проф., засл. деят. науки РФ, Котова И.А. - к.т.н., доц.
320 _aБиблиогр. в конце кн. (83 назв.)
325 1 _aКопия доступна в электронной библиотеке РНБ
606 1 _aЖелезные дороги
_xДвижение поездов
_xСкорость
_xПовышение
_91152519
_3RU\NLR\auth\66460114
606 1 _aПоезда
_xСкорость движения
_xПовышение
_92387545
_3RU\NLR\auth\661424062
606 1 _aЖелезные дороги
_xБезопасность движения
_91214058
_3RU\NLR\auth\66174794
606 1 _aЖелезнодорожный транспорт
_xБезопасность движения
_92119435
_3RU\NLR\auth\661280004
686 _aО22-011.3
686 _aО280.203
700 1 _4070
_aПопов
_bВ. А.
_cгос. служащий, ж.-д. транспорт
_f1956-
_gВиктор Алексеевич
_9260458
_3RU\NLR\AUTH\770260514
701 1 _aКарпущенко
_bН. И.
_gНиколай Иванович
_4070
701 1 _aКотова
_bИ. А.
_gИрина Александровна
_4070
801 0 _aRU
_bRuMoRKP
_c20050221
_grcr
801 1 _aRU
_bRuMoRGB
_c20050221
801 2 _aRU
_bNLR
_c20050622
_gPSBO
901 _eКнижные издания
942 _cBOOK
980 _aNB
981 1 3 _a(13) Документы, защищенные авторским правом
_b(13) Современная научная, научно-популярная и популярная л